[Event "Pardubice Czech op-A 26th"]
[Site "Pardubice"]
[Date "2015.07.29"]
[Round "6"]
[White "Havelka, Jan"]
[Black "Tymrakiewicz, Rafal"]
[Result "0-1"]
[WhiteElo "2178"]
[BlackElo "2306"]
[PlyCount "166"]
[EventDate "2015.07.24"]
[EventType "swiss"]
[EventRounds "9"]
[EventCountry "CZE"]
[SourceTitle "CBM 167 Extra"]
[Source "ChessBase"]
[SourceDate "2015.09.14"]
[SourceVersion "1"]
[SourceVersionDate "2015.09.14"]
[SourceQuality "1"]

1. d4 c5 2. e4 cxd4 3. c3 d3 4. Bxd3 Nc6 5. Nf3 g6 6. 0-0 Bg7 7. Qe2 d6 8. h3 Nf6 9. c4 0-0 10. Nc3 Nd7 11. Be3 Qa5 12. Rac1 Nc5 13. Bb1 Na4 14. Nxa4 Qxa4 15. c5 dxc5 16. Bxc5 b6 17. Ba3 Bb7 18. Bd3 Rfc8 19. Rc4 Qa5 20. Rfc1 Ne5 21. Nxe5 Bxe5 22. Bxe7 Qxa2 23. Ba3 Ba6 24. g3 Rd8 25. R4c3 Bxd3 26. Rxd3 Rxd3 27. Qxd3 Bxb2 28. Bxb2 Qxb2 29. Rc7 Qf6 30. e5 Qxe5 31. Rxf7 Kxf7 32. Qf3+ Qf5 33. Qxa8 Qd7 34. Qh8 Ke6 35. Qg8+ Kd6 36. f4 b5 37. Kf2 Kc5 38. Qf8+ Kb6 39. g4 Qd4+ 40. Kg2 b4 41. f5 Qe4+ 42. Kg1 gxf5 43. Qb8+ Kc6 44. Qc8+ Kd5 45. gxf5 Qe3+ 46. Kg2 b3 47. Qd7+ Kc4 48. Qc6+ Kd4 49. f6 Qe2+ 50. Kg3 b2 51. Qd7+ Kc3 52. Qc7+ Kd2 53. Qa5+ Kd1 54. Qd5+ Qd2 55. Qxd2+ Kxd2 56. f7 b1Q 57. f8Q Qd3+ 58. Kg4 a6 59. Qb4+ Kc2 60. Qa4+ Kc3 61. Qa3+ Kd4 62. Qd6+ Kc3 63. Qa3+ Kc2 64. Qa2+ Kd1 65. Qa1+ Kd2 66. h4 Qe4+ 67. Kg5 Qg2+ 68. Kf4 Qf2+ 69. Kg4 Qg2+ 70. Kf4 Qg6 71. Qa2+ Kd3 72. Qb1+ Kc4 73. Qxg6 hxg6 74. Kg5 a5 75. Kxg6 a4 76. h5 a3 77. h6 a2 78. Kg7 a1Q+ 79. Kg8 Qg1+ 80. Kh8 Qd4+ 81. Kg8 Qg4+ 82. Kh8 Qf5 83. Kg7 Qg5+ 0-1

[Event "Pardubice Czech op-A 26th"]
[Site "Pardubice"]
[Date "2015.07.26"]
[Round "3"]
[White "Paramzina, Anastasya"]
[Black "Havelka, Jan"]
[Result "1-0"]
[WhiteElo "2328"]
[BlackElo "2178"]
[PlyCount "105"]
[EventDate "2015.07.24"]
[EventType "swiss"]
[EventRounds "9"]
[EventCountry "CZE"]
[SourceTitle "CBM 167 Extra"]
[Source "ChessBase"]
[SourceDate "2015.09.14"]
[SourceVersion "1"]
[SourceVersionDate "2015.09.14"]
[SourceQuality "1"]

1. e4 e6 2. d4 c5 3. Nf3 cxd4 4. Nxd4 a6 5. Nc3 Qc7 6. a3 Nf6 7. Be3 b5 8. Bd3 Bb7 9. 0-0 Nc6 10. Kh1 h5 11. f3 Nxd4 12. Bxd4 Bd6 13. Bg1 h4 14. a4 Nh5 15. Ne2 bxa4 16. Rxa4 Ng3+ 17. Nxg3 hxg3 18. h3 Bf4 19. Qe2 Qe5 20. Rfa1 0-0 21. Bd4 Qg5 22. Bxa6 Bxa6 23. Rxa6 Rxa6 24. Rxa6 Be5 25. Be3 Bf4 26. Bg1 Rb8 27. c3 Qb5 28. Qxb5 Rxb5 29. b4 Bd2 30. Ra8+ Kh7 31. Ra5 Rb8 32. Bd4 d6 33. e5 Rd8 34. Ra2 Be1 35. Bb6 Rd7 36. Ra7 Rxa7 37. Bxa7 dxe5 38. c4 Bxb4 39. c5 Kg6 40. c6 Bd6 41. Bb6 f5 42. c7 Bxc7 43. Bxc7 Kf6 44. f4 exf4 45. Bxf4 g5 46. Bxg3 f4 47. Be1 g4 48. h4 g3 49. Bc3+ Kg6 50. Kg1 Kh5 51. Be5 f3 52. gxf3 Kxh4 53. Kg2 1-0

[Event "CZE-ch U20 sf"]
[Site "Frydek Mistek"]
[Date "2014.11.22"]
[Round "9"]
[White "Stancik, Jakub"]
[Black "Havelka, Jan"]
[Result "1-0"]
[WhiteElo "1864"]
[BlackElo "2034"]
[PlyCount "129"]
[EventDate "2014.11.16"]
[EventType "swiss"]
[EventRounds "9"]
[EventCountry "CZE"]
[SourceTitle "CBM 163 Extra"]
[Source "ChessBase"]
[SourceDate "2014.12.23"]
[SourceVersion "1"]
[SourceVersionDate "2014.12.23"]
[SourceQuality "1"]

1. e4 c5 2. Nf3 d6 3. d4 cxd4 4. Nxd4 a6 5. Nc3 Nf6 6. f3 e5 7. Nb3 Be6 8. Be3 Nc6 9. Qe2 Rc8 10. 0-0-0 Nb4 11. Kb1 b5 12. Rd2 Be7 13. g4 Nd7 14. Nd5 Nc6 15. Qd1 Bxd5 16. exd5 Na5 17. Nxa5 Qxa5 18. h4 Nb6 19. g5 Na4 20. Rd3 b4 21. Rb3 Nc5 22. Bxc5 Rxc5 23. Rd3 0-0 24. Bh3 Qc7 25. Bf5 a5 26. Re3 Qb7 27. Be4 Rfc8 28. Re2 a4 29. Qg1 b3 30. cxb3 axb3 31. a3 Qb5 32. Reh2 Bd8 33. h5 Bb6 34. Qf1 Qa4 35. g6 fxg6 36. hxg6 h6 37. Qh3 Re8 38. Qf5 Rc7 39. Qg5 Qd7 40. Bf5 Qe7 41. Be6+ Kf8 42. Qf5+ Qf6 43. Qxf6+ gxf6 44. Rxh6 Rg7 45. Bf7 Rxf7 46. gxf7 Kxf7 47. Rd1 Rb8 48. Rd3 Bc5 49. Rh1 Kg6 50. Rc1 Kf5 51. Rcc3 Kf4 52. Rxb3 Rxb3 53. Rxb3 f5 54. Kc2 e4 55. fxe4 fxe4 56. Kd2 Ke5 57. a4 Kxd5 58. a5 Kc4 59. Rb7 d5 60. a6 e3+ 61. Ke2 d4 62. Rc7 d3+ 63. Ke1 Kb5 64. Rxc5+ Kxc5 65. a7 1-0

[Event "Ricany op-A"]
[Site "Ricany"]
[Date "2014.08.30"]
[Round "9"]
[White "Havelka, Jan"]
[Black "Krivanek, Vladimir"]
[Result "0-1"]
[WhiteElo "1891"]
[BlackElo "2157"]
[PlyCount "90"]
[EventDate "2014.08.23"]
[EventType "swiss"]
[EventRounds "9"]
[EventCountry "CZE"]
[SourceTitle "EXT 2015"]
[Source "ChessBase"]
[SourceDate "2014.11.20"]
[SourceVersion "1"]
[SourceVersionDate "2014.11.20"]
[SourceQuality "1"]

1. e4 Nf6 2. e5 Nd5 3. d4 d6 4. Bc4 Nb6 5. Bb3 d5 6. Ne2 e6 7. c3 c5 8. 0-0 Nc6 9. Nd2 cxd4 10. cxd4 Be7 11. Nf3 0-0 12. Bc2 f6 13. exf6 Bxf6 14. Bf4 Bd7 15. a3 Rc8 16. Ne5 Bxe5 17. dxe5 Be8 18. Bg3 Bh5 19. f3 Nc4 20. Nd4 Nxd4 21. Qxd4 Qb6 22. Qxb6 axb6 23. Ba4 Be8 24. Bxe8 Rfxe8 25. b3 Nd2 26. Rfd1 Nxb3 27. Rab1 Na5 28. Rxb6 Rc6 29. Rxc6 bxc6 30. Rb1 Ra8 31. Rb6 Kf7 32. Be1 Nc4 33. Rxc6 Rxa3 34. Rc7+ Kg6 35. Re7 Ra1 36. Kf2 Ra2+ 37. Kg3 Ne3 38. Rxe6+ Kf5 39. Re8 Rxg2+ 40. Kh3 Rg6 41. Rf8+ Kxe5 42. Re8+ Kf4 43. Rf8+ Rf6 44. Rh8 Rh6+ 45. Bh4 Nf5 0-1

[Event "Ricany op-A"]
[Site "Ricany"]
[Date "2014.08.25"]
[Round "4"]
[White "Sadil, Jan"]
[Black "Havelka, Jan"]
[Result "0-1"]
[WhiteElo "1722"]
[BlackElo "1891"]
[PlyCount "54"]
[EventDate "2014.08.23"]
[EventType "swiss"]
[EventRounds "9"]
[EventCountry "CZE"]
[SourceTitle "EXT 2015"]
[Source "ChessBase"]
[SourceDate "2014.11.20"]
[SourceVersion "1"]
[SourceVersionDate "2014.11.20"]
[SourceQuality "1"]

1. d4 e6 2. c4 Nf6 3. Nc3 c5 4. Nf3 cxd4 5. Nxd4 Nc6 6. Nxc6 bxc6 7. Bg5 Be7 8. e3 Qa5 9. Bxf6 Bxf6 10. Qc2 Rb8 11. Rc1 Ba6 12. Bd3 d5 13. cxd5 Bxd3 14. Qxd3 cxd5 15. Qd2 0-0 16. 0-0 Rfc8 17. g3 Qb4 18. Rc2 Rc4 19. Rfc1 Rbc8 20. Kg2 h5 21. Qd3 h4 22. Qd2 Qc5 23. Qd3 h3+ 24. Kxh3 Qc6 25. f3 e5 26. Kg2 d4 27. exd4 exd4 0-1

[Event "CZE-ch U16"]
[Site "Kouty nad Desnou"]
[Date "2014.03.15"]
[Round "9"]
[White "Reznicek, Dominik"]
[Black "Havelka, Jan"]
[Result "1/2-1/2"]
[WhiteElo "1799"]
[BlackElo "1833"]
[PlyCount "100"]
[EventDate "2014.03.08"]
[EventType "swiss"]
[EventRounds "9"]
[EventCountry "CZE"]
[SourceTitle "EXT 2015"]
[Source "ChessBase"]
[SourceDate "2014.11.20"]
[SourceVersion "1"]
[SourceVersionDate "2014.11.20"]
[SourceQuality "1"]

1. e4 c5 2. c3 e6 3. Nf3 d5 4. exd5 exd5 5. d4 Nf6 6. Be3 cxd4 7. Nxd4 Nc6 8. h3 Bd6 9. Bd3 0-0 10. 0-0 Ne5 11. Bf5 Nc4 12. Bc1 Re8 13. Nd2 Bc5 14. Nxc4 dxc4 15. Bxc8 Rxc8 16. Be3 Nd5 17. Qf3 Qd7 18. Rad1 Nxe3 19. fxe3 Bxd4 20. exd4 Rc6 21. Rde1 Rce6 22. Rxe6 Rxe6 23. Qg3 Qd6 24. Qxd6 Rxd6 25. Rf5 b6 26. Re5 Kf8 27. Kf2 f6 28. Re2 Kf7 29. Kf3 b5 30. g4 a5 31. a3 g6 32. h4 h6 33. Kf4 b4 34. axb4 axb4 35. cxb4 Rxd4+ 36. Re4 g5+ 37. hxg5 hxg5+ 38. Kf3 Rd3+ 39. Re3 Rd2 40. b3 cxb3 41. Rxb3 Ke6 42. b5 Kd7 43. b6 Kc8 44. Ke4 Kb7 45. Kf5 Rf2+ 46. Kg6 Rf4 47. Rb5 Rxg4 48. Kxf6 Rg1 49. Rxg5 Rxg5 50. Kxg5 Kxb6 1/2-1/2

[Event "CZE-ch U16"]
[Site "Kouty nad Desnou"]
[Date "2014.03.10"]
[Round "3"]
[White "Zeman, Radek"]
[Black "Havelka, Jan"]
[Result "0-1"]
[WhiteElo "1902"]
[BlackElo "1833"]
[PlyCount "56"]
[EventDate "2014.03.08"]
[EventType "swiss"]
[EventRounds "9"]
[EventCountry "CZE"]
[SourceTitle "EXT 2015"]
[Source "ChessBase"]
[SourceDate "2014.11.20"]
[SourceVersion "1"]
[SourceVersionDate "2014.11.20"]
[SourceQuality "1"]

1. e4 c5 2. Nc3 e6 3. Nf3 a6 4. g3 Nc6 5. Bg2 d6 6. a4 Nf6 7. 0-0 Be7 8. d3 0-0 9. Ng5 h6 10. Nh3 e5 11. f4 Bd7 12. f5 Nd4 13. Ne2 b5 14. Nxd4 cxd4 15. g4 Nh7 16. Bd2 bxa4 17. Qc1 Ng5 18. Nxg5 Bxg5 19. Bxg5 Qxg5 20. Qxg5 hxg5 21. c3 dxc3 22. bxc3 Rfc8 23. Rfc1 Rab8 24. c4 Rb2 25. Rcb1 a3 26. Rc1 a2 27. h3 Ba4 28. Kh1 Bc2 0-1